[Event "GER-chT Christmas U20"]
[Site "Playchess.com INT"]
[Date "2020.12.29"]
[Round "6.2"]
[White "Mai, Artur"]
[Black "Nagy, Lukas"]
[Result "1-0"]
[WhiteElo "1737"]
[BlackElo "1704"]
[PlyCount "45"]
[EventDate "2020.12.29"]
[EventType "team-swiss (blitz)"]
[EventRounds "7"]
[EventCountry "GER"]
[SourceTitle "CBM 200 Extra"]
[Source "ChessBase"]
[SourceDate "2021.03.31"]
[SourceVersion "1"]
[SourceVersionDate "2021.03.31"]
[SourceQuality "1"]
[WhiteTeam "Hemer II"]
[BlackTeam "Kiel Doppelbauer"]
[WhiteTeamCountry "GER"]
[BlackTeamCountry "GER"]

1. e4 e5 2. Nf3 Nf6 3. Nc3 Bb4 4. Bc4 0-0 5. d3 d5 6. exd5 Nxd5 7. Bd2 Nxc3 8. bxc3 Bd6 9. 0-0 Nc6 10. Re1 h6 11. h3 Re8 12. Bd5 Ne7 13. Bb3 Ng6 14. d4 Bd7 15. Nh2 Qh4 16. Qf3 Be6 17. Re4 Qe7 18. Ng4 Nh4 19. Qg3 Bxb3 20. cxb3 f5 21. Nxh6+ Kh7 22. Rxh4 f4 23. Nf5+ 1-0